=LDR 00000nam 2200000 4500 =001 INLIS000000000039874 =005 20130612145457 =008 ***********************************Ind** =035 ##$$0010-061300000039874 =041 ##$$a Ind =082 ##$$a 728.302 85 =090 ##$$a 728.302 85, Nur d =100 ##$$a Tri Nuryati =245 ##$$a 202 Tips Merawat Rumah =850 ##$$a NBPNMAT =990 ##$$a 0001/BPAP-NTB/2015